[Event "286th YMCA Spring A"]
[Site "Warsaw"]
[Date "2024.06.13"]
[Round "9"]
[White "Polak, Michal"]
[Black "Slomczewski, Michal"]
[Result "1-0"]
[WhiteElo "1952"]
[BlackElo "2106"]
[PlyCount "115"]
[EventDate "2024.04.10"]
[EventType "tourn"]
[EventRounds "1"]
[EventCountry "POL"]
[SourceDate "2024.04.10"]

1. e4 d5 2. exd5 Qxd5 3. Nf3 Nf6 4. d4 Bg4 5. Be2 c6 6. h3 Bh5 7. c4 Qd6 8. O-O
e6 9. Nc3 Nbd7 10. Qb3 Qc7 11. Be3 Bd6 12. d5 e5 13. Rac1 O-O 14. a3 a6 15. Qa2
c5 16. b3 Rae8 17. Nh4 Bg6 18. Nxg6 hxg6 19. Qb1 e4 20. Bd1 Re7 21. Bc2 Rfe8
22. Rce1 Be5 23. Bd2 Bxc3 24. Bxc3 Qf4 25. Qd1 g5 26. Qd2 Qh4 27. Re3 Nh5 28.
Rfe1 f5 29. d6 Rf7 30. f3 Ng3 31. Qf2 g4 32. f4 g5 33. Rxg3 Re6 34. Rf1 Nf8 35.
Re3 Qxf2+ 36. Rxf2 gxf4 37. Rxf4 Ng6 38. Rf1 gxh3 39. Rd1 Rd7 40. Rxh3 Rexd6
41. Rxd6 Rxd6 42. Rh6 b5 43. g4 fxg4 44. Bxe4 Rd1+ 45. Kf2 Ne7 46. Rxa6 bxc4
47. bxc4 Rc1 48. Bf6 Rxc4 49. Bxe7 Rxe4 50. Bxc5 Kf7 51. Kg3 Rc4 52. Bd6 Ke6
53. Bf4+ Kd5 54. Kxg4 Kc5 55. Kf5 Kb5 56. Ra8 Ra4 57. Rb8+ Kc6 58. Rb3 1-0

[Event "286th YMCA Spring A"]
[Site "Warsaw"]
[Date "2024.06.04"]
[Round "9"]
[White "Warszawski, Bartosz"]
[Black "Rudolf, Michal"]
[Result "1-0"]
[WhiteElo "2118"]
[BlackElo "2268"]
[PlyCount "81"]
[EventDate "2024.04.10"]
[EventType "tourn"]
[EventRounds "1"]
[EventCountry "POL"]
[SourceDate "2024.04.10"]

1. e4 e5 2. Nf3 Nc6 3. Bc4 Bc5 4. b4 Bxb4 5. c3 Ba5 6. O-O d6 7. Qb3 Qe7 8. d4
Bb6 9. dxe5 Na5 10. Qa4+ Bd7 11. Bb5 c6 12. Be2 dxe5 13. Rd1 Nf6 14. Bg5 Rd8
15. Nbd2 O-O 16. Bh4 Bc7 17. Nf1 c5 18. Bxf6 gxf6 19. Qc2 Be6 20. Ne3 Rxd1+ 21.
Rxd1 Rd8 22. Nh4 Rxd1+ 23. Qxd1 Qd8 24. Nd5 Nc6 25. Bc4 Na5 26. Bd3 c4 27. Bc2
Bd6 28. Qf3 Be7 29. Nf5 Bf8 30. Qg3+ Kh8 31. Nde7 Qxe7 32. Nxe7 Bxe7 33. h4 Nc6
34. h5 h6 35. Bd1 f5 36. exf5 Bxf5 37. Bf3 e4 38. Qf4 exf3 39. Qxf5 Kg7 40.
Qg4+ Bg5 41. Qxf3 1-0

[Event "286th YMCA Spring A"]
[Site "Warsaw"]
[Date "2024.06.07"]
[Round "9"]
[White "Basiaga, Sebastian"]
[Black "Choroszej, Aleksander"]
[Result "1-0"]
[WhiteElo "1917"]
[BlackElo "1962"]
[PlyCount "103"]
[EventDate "2024.04.10"]
[EventType "tourn"]
[EventRounds "1"]
[EventCountry "POL"]
[SourceDate "2024.04.10"]

1. e4 g6 2. d4 Bg7 3. Nc3 d6 4. f4 Nf6 5. Nf3 O-O 6. Be3 b6 7. Qd2 Bb7 8. e5
Ng4 9. O-O-O c5 10. dxc5 bxc5 11. Bxc5 Qa5 12. Ba3 dxe5 13. Nxe5 Nxe5 14. fxe5
Nc6 15. Bb5 Bxe5 16. Bxc6 Bxc6 17. Nd5 Qxd2+ 18. Rxd2 Bxd5 19. Rxd5 Bf6 20.
Rhd1 Rfc8 21. b3 Rc6 22. Bb2 Kg7 23. c4 Re8 24. Bxf6+ Rxf6 25. Ra5 a6 26. Re5
Rf2 27. Rd2 Rxd2 28. Kxd2 Kf6 29. Ra5 Rd8+ 30. Kc3 Rd6 31. c5 Rc6 32. Kd4 Ke6
33. b4 Kd7 34. a4 Rf6 35. b5 axb5 36. axb5 Rf4+ 37. Kd3 Rf5 38. Ra7+ Ke6 39.
Kd4 Rf4+ 40. Kc3 Kd5 41. c6 Rc4+ 42. Kd3 e5 43. Rxf7 e4+ 44. Ke2 Kc5 45. Rxh7
Kxb5 46. c7 Kb6 47. Ke3 Kb7 48. Rg7 g5 49. Rxg5 Kxc7 50. Rg4 Kd6 51. Rxe4 Rc2
52. Kf3 1-0

[Event "286th YMCA Spring A"]
[Site "Warsaw"]
[Date "2024.06.04"]
[Round "9"]
[White "Kowalski, Witold"]
[Black "Borowy, Cezary"]
[Result "0-1"]
[WhiteElo "1925"]
[BlackElo "2006"]
[PlyCount "116"]
[EventDate "2024.04.10"]
[EventType "tourn"]
[EventRounds "1"]
[EventCountry "POL"]
[SourceDate "2024.04.10"]

1. c4 Nf6 2. Nc3 g6 3. d4 Bg7 4. e4 d6 5. Be2 O-O 6. g4 c5 7. d5 e6 8. g5 Ne8
9. Nf3 exd5 10. cxd5 Bg4 11. Be3 Qa5 12. Qd2 Nd7 13. h3 Bh5 14. O-O a6 15. a4
Qb4 16. Qc2 Qa5 17. Rfe1 Qd8 18. a5 f6 19. gxf6 Bxf6 20. Nh2 Ng7 21. Ng4 Bxg4
22. Bxg4 Ne5 23. Be2 Bg5 24. Qd2 Bxe3 25. Qxe3 Qh4 26. Qg3 Qh6 27. Rf1 Rf4 28.
Rab1 Raf8 29. Bg4 Rf3 30. Bxf3 Rxf3 31. Qg2 Rxh3 32. f4 Nc4 33. Rf3 Rxf3 34.
Qxf3 Nd2 35. Qg4 Nxb1 36. Qc8+ Kf7 37. Qxb7+ Kf8 38. Nxb1 Qxf4 39. Nc3 Qe3+ 40.
Kf1 Qd3+ 41. Kf2 h5 42. Qd7 Ne8 43. Qh7 Qd4+ 44. Kf3 Qg7 45. Qxg7+ Kxg7 46. Kf4
Kf6 47. Na2 g5+ 48. Ke3 Nc7 49. b4 c4 50. Nc3 Ke5 51. Ne2 Nb5 52. Ng1 g4 53.
Ne2 h4 54. Nf4 h3 55. Ne2 h2 56. Ng3 Nc3 57. Kf2 Nxe4+ 58. Nxe4 h1=Q 0-1

[Event "286th YMCA Spring A"]
[Site "Warsaw"]
[Date "2024.06.07"]
[Round "9"]
[White "Flis, Piotr"]
[Black "Chalupnik, Marcin"]
[Result "1-0"]
[WhiteElo "1891"]
[BlackElo "2056"]
[PlyCount "101"]
[EventDate "2024.04.10"]
[EventType "tourn"]
[EventRounds "1"]
[EventCountry "POL"]
[SourceDate "2024.04.10"]

1. e4 c5 2. Nf3 d6 3. d4 cxd4 4. Nxd4 Nf6 5. Nc3 g6 6. Be3 Bg7 7. f3 O-O 8. Qd2
Nc6 9. O-O-O Bd7 10. g4 Ne5 11. Be2 Rc8 12. Kb1 Qa5 13. Nd5 Qxd2 14. Nxe7+ Kh8
15. Bxd2 Rce8 16. Nd5 Nxd5 17. exd5 Nxg4 18. fxg4 Bxd4 19. Bf3 f5 20. Bh6 Bg7
21. Bxg7+ Kxg7 22. g5 Re3 23. Rhf1 Rfe8 24. Kc1 h6 25. h4 hxg5 26. hxg5 f4 27.
Rd4 Bh3 28. Rf2 Rf8 29. Kd2 Re5 30. Rh2 Bf1 31. Rh4 Rxg5 32. Rhxf4 Rgf5 33.
Rxf5 Rxf5 34. Bg4 Re5 35. c4 b6 36. Rf4 Bg2 37. Be6 g5 38. Rf7+ Kg6 39. Rxa7
Bf3 40. Rd7 g4 41. Rxd6 Kg5 42. Bxg4 Bxg4 43. Rxb6 Kf4 44. Kc3 Ke4 45. a4 Rh5
46. a5 Rh1 47. a6 Rc1+ 48. Kb4 Kd4 49. a7 Ra1 50. Rb7 Be2 51. d6 1-0

[Event "286th YMCA Spring A"]
[Site "Warsaw"]
[Date "2024.06.07"]
[Round "9"]
[White "Golecki, Jan"]
[Black "Lewandrowski, Tomasz"]
[Result "1-0"]
[WhiteElo "2166"]
[BlackElo "1919"]
[PlyCount "77"]
[EventDate "2024.04.10"]
[EventType "tourn"]
[EventRounds "1"]
[EventCountry "POL"]
[SourceDate "2024.04.10"]

1. e4 c5 2. Nf3 Nc6 3. Bb5 Nf6 4. e5 Nd5 5. O-O g6 6. c3 Nc7 7. a4 Bg7 8. d4
cxd4 9. cxd4 O-O 10. Bg5 d6 11. Qe2 dxe5 12. dxe5 h6 13. Rd1 Qe8 14. Bf4 a6 15.
Bc4 Bg4 16. Nbd2 Ne6 17. Qe3 Nb4 18. Bb3 Rd8 19. Qe4 Nd3 20. Be3 Bf5 21. Qxb7
Rb8 22. Qa7 Nxb2 23. Rdb1 Bxb1 24. Rxb1 Nxa4 25. Ra1 Nc3 26. Bxe6 fxe6 27. Qxa6
Qf7 28. Nd4 Ra8 29. Qxa8 Rxa8 30. Rxa8+ Kh7 31. N2f3 g5 32. h3 Qg6 33. Ra6 Qb1+
34. Kh2 Nd1 35. Rxe6 Nxe3 36. fxe3 Bf8 37. Ra6 Qe4 38. Ne6 Qf5 39. e4 1-0

[Event "286th YMCA Spring A"]
[Site "Warsaw"]
[Date "2024.06.19"]
[Round "10"]
[White "Slomczewski, Michal"]
[Black "Lewandrowski, Tomasz"]
[Result "1-0"]
[WhiteElo "2106"]
[BlackElo "1919"]
[PlyCount "107"]
[EventDate "2024.04.10"]
[EventType "tourn"]
[EventRounds "1"]
[EventCountry "POL"]
[SourceDate "2024.04.10"]

1. e4 c5 2. Be2 Nc6 3. f4 g6 4. Nf3 Bg7 5. O-O d6 6. d3 e6 7. c3 Nge7 8. Be3
O-O 9. Na3 a6 10. Qd2 f5 11. Rad1 b5 12. Nc2 Bb7 13. b4 cxb4 14. cxb4 e5 15.
fxe5 dxe5 16. Bc5 Nd4 17. Nfxd4 exd4 18. Bf3 Qd7 19. Rde1 f4 20. Bg4 Qxg4 21.
Bxe7 Rf7 22. h3 Qe6 23. Bg5 f3 24. gxf3 Rc8 25. Na1 Qxh3 26. Qg2 Qxg2+ 27. Kxg2
Rc3 28. Rd1 Bc8 29. Nb3 Rc2+ 30. Rf2 Rxf2+ 31. Kxf2 Bg4 32. Nd2 Be6 33. Rc1 h6
34. Bd8 Rd7 35. Bb6 Bxa2 36. f4 h5 37. Nf3 Be6 38. Rc6 Bg4 39. Rxg6 Kh7 40. f5
Bxf3 41. Kxf3 Bf8 42. e5 Bxb4 43. e6 Rg7 44. Rxg7+ Kxg7 45. Bxd4+ Kf8 46. f6
Bd6 47. Ke4 h4 48. Kd5 Ba3 49. Be5 h3 50. Kc6 Ke8 51. d4 Bf8 52. d5 b4 53. d6
b3 54. d7+ 1-0

[Event "286th YMCA Spring A"]
[Site "Warsaw"]
[Date "2024.06.14"]
[Round "10"]
[White "Borowy, Cezary"]
[Black "Flis, Piotr"]
[Result "1/2-1/2"]
[WhiteElo "2006"]
[BlackElo "1891"]
[PlyCount "40"]
[EventDate "2024.04.10"]
[EventType "tourn"]
[EventRounds "1"]
[EventCountry "POL"]
[SourceDate "2024.04.10"]

1. Nf3 d5 2. c4 c6 3. g3 Nf6 4. Bg2 Bf5 5. cxd5 cxd5 6. Qb3 Qc8 7. Nc3 e6 8. d3
Nc6 9. O-O Be7 10. Re1 d4 11. Nb5 e5 12. Bg5 Be6 13. Qc2 O-O 14. Bxf6 Bxf6 15.
Nd6 Qd7 16. Ne4 Be7 17. Nc5 Bxc5 18. Qxc5 f6 19. Rec1 Ne7 20. Qc7 Rac8 1/2-1/2

[Event "286th YMCA Spring A"]
[Site "Warsaw"]
[Date "2024.06.06"]
[Round "10"]
[White "Choroszej, Aleksander"]
[Black "Kowalski, Witold"]
[Result "1/2-1/2"]
[WhiteElo "1962"]
[BlackElo "1925"]
[PlyCount "111"]
[EventDate "2024.04.10"]
[EventType "tourn"]
[EventRounds "1"]
[EventCountry "POL"]
[SourceDate "2024.04.10"]

1. d4 d5 2. c4 e6 3. Nc3 a6 4. cxd5 exd5 5. Bf4 c6 6. e3 Bd6 7. Bxd6 Qxd6 8.
Bd3 Ne7 9. Qc2 Qf6 10. Rc1 h6 11. Nge2 O-O 12. Ng3 Re8 13. O-O Nd7 14. Na4 Qd6
15. a3 Nf6 16. Qc5 Qxc5 17. Nxc5 Rb8 18. b4 h5 19. h4 b6 20. Nb3 Bd7 21. Rfe1
g6 22. Nd2 Ra8 23. Nf3 Ng4 24. Nf1 a5 25. N1h2 axb4 26. axb4 Ra4 27. b5 Ra3 28.
bxc6 Nxc6 29. Bb5 Nb8 30. Bxd7 Nxd7 31. Nxg4 hxg4 32. Rc7 Rd8 33. Nh2 Nf6 34.
Rb1 g3 35. fxg3 Rxe3 36. Rxb6 Ne4 37. Nf3 Rd3 38. Kh2 Rf8 39. Rd7 Nf2 40. Ne5
Rxd4 41. Rf6 Re4 42. Rxf2 Rxe5 43. Rd2 Kg7 44. R7xd5 Rxd5 45. Rxd5 Ra8 46. Rd3
Ra4 47. Kh3 f5 48. Rf3 Kh6 49. Rf4 Ra3 50. Rb4 Rc3 51. Kh2 Kh5 52. Rb8 Kh6 53.
Rb7 Ra3 54. Rb4 Kh5 55. Rb8 Kh6 56. Rb4 1/2-1/2

[Event "286th YMCA Spring A"]
[Site "Warsaw"]
[Date "2024.06.13"]
[Round "10"]
[White "Rudolf, Michal"]
[Black "Basiaga, Sebastian"]
[Result "1-0"]
[WhiteElo "2268"]
[BlackElo "1917"]
[PlyCount "61"]
[EventDate "2024.04.10"]
[EventType "tourn"]
[EventRounds "1"]
[EventCountry "POL"]
[SourceDate "2024.04.10"]

1. d4 d5 2. c4 c6 3. Nf3 Nf6 4. Nc3 e6 5. Bg5 dxc4 6. e4 b5 7. e5 h6 8. Bh4 g5
9. Nxg5 hxg5 10. Bxg5 Nbd7 11. g3 Qb6 12. exf6 Bb7 13. Bg2 O-O-O 14. O-O c5 15.
d5 b4 16. Rb1 Qa6 17. dxe6 Bxg2 18. e7 Bxf1 19. Kxf1 Bxe7 20. fxe7 Rdg8 21. Ne4
Rxg5 22. Nxg5 Qf6 23. Qd5 Qxe7 24. Nxf7 Rf8 25. Nd6+ Kc7 26. Qb7+ Kxd6 27. Rd1+
Ke6 28. Qc6+ Kf5 29. Rxd7 Qf6 30. Qf3+ Ke6 31. Qd5# 1-0

[Event "286th YMCA Spring A"]
[Site "Warsaw"]
[Date "2024.06.11"]
[Round "10"]
[White "Polak, Michal"]
[Black "Warszawski, Bartosz"]
[Result "1/2-1/2"]
[WhiteElo "1952"]
[BlackElo "2118"]
[PlyCount "124"]
[EventDate "2024.04.10"]
[EventType "tourn"]
[EventRounds "1"]
[EventCountry "POL"]
[SourceDate "2024.04.10"]

1. d4 d5 2. Nf3 e6 3. g3 c5 4. Bg2 Nc6 5. O-O Nf6 6. c4 dxc4 7. dxc5 Qxd1 8.
Rxd1 Bxc5 9. Nbd2 c3 10. bxc3 O-O 11. Nb3 Be7 12. Nfd4 Bd7 13. Bg5 Rfd8 14.
Rab1 Rac8 15. Bxf6 gxf6 16. e3 Kf8 17. Nb5 Be8 18. c4 b6 19. Rxd8 Nxd8 20. Nxa7
Rxc4 21. Nd4 Bc5 22. h4 Bxd4 23. exd4 Rxd4 24. Rxb6 Ra4 25. Nc8 Rc4 26. Nd6
Rc1+ 27. Kh2 Bc6 28. Bxc6 Rxc6 29. Rxc6 Nxc6 30. Nc4 f5 31. Kg2 Ke7 32. Kf3 e5
33. Ke3 Ke6 34. a4 Kd5 35. Nb6+ Kd6 36. Kd3 h5 37. Kc4 f4 38. gxf4 exf4 39.
Nc8+ Kc7 40. Kc5 Ne5 41. Ne7 f3 42. Nd5+ Kb7 43. Nf4 Ng4 44. Nd3 Nh6 45. Ne5
Ng4 46. Nxf3 Nxf2 47. Kd6 Ng4 48. Ne5 Ne3 49. Ke7 Nf5+ 50. Kxf7 Nxh4 51. Kf6
Ng2 52. Kg5 h4 53. Kg4 Kb6 54. Nc4+ Kc5 55. a5 h3 56. Kg3 Kb5 57. Kxh3 Nf4+ 58.
Kg4 Nd5 59. Kf5 Kxc4 60. a6 Nc7 61. a7 Kd5 62. a8=Q+ Nxa8 1/2-1/2

[Event "286th YMCA Spring A"]
[Site "Warsaw"]
[Date "2024.06.12"]
[Round "11"]
[White "Warszawski, Bartosz"]
[Black "Slomczewski, Michal"]
[Result "1-0"]
[WhiteElo "2118"]
[BlackElo "2106"]
[PlyCount "119"]
[EventDate "2024.04.10"]
[EventType "tourn"]
[EventRounds "1"]
[EventCountry "POL"]
[SourceDate "2024.04.10"]

1. e4 d5 2. exd5 Qxd5 3. Nc3 Qa5 4. Nf3 Nf6 5. Bc4 Bf5 6. d3 c6 7. Bd2 Qc7 8.
Qe2 Nbd7 9. Bb3 Nc5 10. Ne5 Nxb3 11. axb3 Nd7 12. Bf4 Nxe5 13. Bxe5 Qd8 14. g4
Bg6 15. f4 f6 16. f5 Bf7 17. Bg3 h5 18. Ne4 e5 19. fxe6 Bxe6 20. gxh5 Qd5 21.
Rf1 Bb4+ 22. c3 Be7 23. Nd2 Kd7 24. Nc4 Qb5 25. Rf4 Bxc4 26. dxc4 Qxh5 27. Qd3+
Ke6 28. Re4+ Kf7 29. Qd7 Rhe8 30. Bd6 Kg8 31. Bxe7 Qxh2 32. O-O-O Qh6+ 33. Kb1
Qg6 34. Qe6+ Qf7 35. Qxf7+ Kxf7 36. Rd7 f5 37. Re1 b6 38. Bc5+ Kg8 39. Rxe8+
Rxe8 40. Bd4 c5 41. Bxg7 Re6 42. Rd5 Kxg7 43. Rxf5 Rf6 44. Rxf6 Kxf6 45. b4
cxb4 46. cxb4 Ke5 $11 47. Kc2 Kd4 48. b3 Ke4 49. Kc3 Ke5 50. Kd3 a5 51. c5 axb4
52. cxb6 Kd6 53. Kd4 Kc6 54. Kc4 Kb7 55. Kb5 Kb8 56. Kxb4 Kc8 57. Kb5 Kb7 58.
Kc5 Kb8 59. Kc6 Ka8 60. b4 1-0

[Event "286th YMCA Spring A"]
[Site "Warsaw"]
[Date "2024.06.18"]
[Round "11"]
[White "Basiaga, Sebastian"]
[Black "Polak, Michal"]
[Result "1/2-1/2"]
[WhiteElo "1917"]
[BlackElo "1952"]
[PlyCount "80"]
[EventDate "2024.04.10"]
[EventType "tourn"]
[EventRounds "1"]
[EventCountry "POL"]
[SourceDate "2024.04.10"]

1. e4 e5 2. Nf3 Nc6 3. d4 exd4 4. Nxd4 Nf6 5. Nxc6 bxc6 6. e5 Qe7 7. Qe2 Nd5 8.
h4 f6 9. c4 Ba6 10. exf6 Qxe2+ 11. Bxe2 Nxf6 12. Nc3 d5 13. Bg5 O-O-O 14. O-O-O
Bc5 15. Bxf6 gxf6 16. Bg4+ Kb8 17. cxd5 cxd5 18. Nxd5 Bxf2 19. Nxf6 Rxd1+ 20.
Bxd1 Be3+ 21. Kb1 Rd8 22. Bc2 Bb7 23. Nxh7 Bxg2 24. Rd1 Rxd1+ 25. Bxd1 Be4+ 26.
Bc2 Bxh7 27. Bxh7 Kc8 28. Kc2 Bb6 29. Kd3 Kd7 30. Ke4 Ke6 31. Bg8+ Kf6 32. b4
a5 33. b5 Kg6 34. Kf4 Kh5 35. Kg3 Kh6 36. Kg4 Bc5 37. Bc4 Bd4 38. Be2 Bf2 39.
h5 Bb6 40. Kf5 Bf2 1/2-1/2

[Event "286th YMCA Spring A"]
[Site "Warsaw"]
[Date "2024.05.21"]
[Round "11"]
[White "Kowalski, Witold"]
[Black "Rudolf, Michal"]
[Result "0-1"]
[WhiteElo "1925"]
[BlackElo "2268"]
[PlyCount "150"]
[EventDate "2024.04.10"]
[EventType "tourn"]
[EventRounds "1"]
[EventCountry "POL"]
[SourceDate "2024.04.10"]

1. e4 e5 2. Nf3 Nc6 3. Bb5 a6 4. Ba4 d6 5. Bxc6+ bxc6 6. d4 exd4 7. Nxd4 c5 8.
Nf3 Nf6 9. Nc3 Be7 10. O-O O-O 11. Re1 Bb7 12. Bf4 Re8 13. Qd3 Qd7 14. Rad1 Qg4
15. Bg3 Rad8 16. h3 Qh5 17. Nd5 Nxd5 18. exd5 Bc8 19. Re3 Bf6 20. b3 Rxe3 21.
Qxe3 Bd7 22. Qd3 Bb5 23. c4 Bd7 24. Re1 h6 25. Bf4 Qf5 26. Qxf5 Bxf5 27. Bd2
Kf8 28. Ba5 Rd7 29. Nd2 Re7 30. Rxe7 Kxe7 31. Kf1 Bd3+ 32. Ke1 Kd7 33. Kd1 Bd4
34. Ke1 Bb2 35. Nf3 $11 Be4 36. Ke2 g5 37. g3 Bf5 38. h4 gxh4 39. Nxh4 Bb1 40.
Nf3 Bxa2 41. Nd2 Bd4 42. g4 c6 43. f3 cxd5 44. cxd5 Ke7 45. Kd3 Kf6 46. f4 Kg6
47. Ke4 Bb2 48. Nc4 Bc1 49. Nxd6 Bxb3 50. Ne8 Bc2+ 51. Kf3 Ba4 52. Nc7 f5 53.
gxf5+ Kxf5 54. Nxa6 c4 55. Nc5 Bd1+ 56. Kf2 Bxf4 57. Bc3 Be5 58. Bd2 h5 59. Nd7
Bb2 60. Nb6 c3 61. Nc4 Bb3 62. Ne3+ Ke5 63. Be1 c2 64. Nxc2 Bxc2 65. Kg3 Kxd5
66. Kh4 Bd1 67. Bf2 Ke4 68. Kg5 Bg4 69. Be1 Kf3 70. Bh4 Be5 71. Kg6 Bg3 72. Be7
h4 73. Bxh4 Bxh4 74. Kf7 Ke4 75. Kg7 Kf5 0-1

[Event "286th YMCA Spring A"]
[Site "Warsaw"]
[Date "2024.06.21"]
[Round "11"]
[White "Flis, Piotr"]
[Black "Choroszej, Aleksander"]
[Result "1/2-1/2"]
[WhiteElo "1891"]
[BlackElo "1962"]
[PlyCount "49"]
[EventDate "2024.04.10"]
[EventType "tourn"]
[EventRounds "1"]
[EventCountry "POL"]
[SourceDate "2024.04.10"]

1. b3 e5 2. Bb2 d6 3. e3 Nf6 4. d4 e4 5. c4 g6 6. Ne2 Bg7 7. Nd2 O-O 8. Nc3 Re8
9. Be2 c6 10. O-O h5 11. Qc2 Bf5 12. Rfc1 Nbd7 13. b4 b6 14. a4 a5 15. bxa5
Rxa5 16. Nb3 Ra8 17. c5 dxc5 18. dxc5 Nxc5 19. Nxc5 bxc5 20. Nb1 Qb8 21. Bc3
Rd8 22. Nd2 Qc7 23. Nc4 Nd5 24. Bxg7 Kxg7 25. Nd2 $11 1/2-1/2

[Event "286th YMCA Spring A"]
[Site "Warsaw"]
[Date "2024.06.21"]
[Round "11"]
[White "Golecki, Jan"]
[Black "Borowy, Cezary"]
[Result "1-0"]
[WhiteElo "2166"]
[BlackElo "2006"]
[PlyCount "47"]
[EventDate "2024.04.10"]
[EventType "tourn"]
[EventRounds "1"]
[EventCountry "POL"]
[SourceDate "2024.04.10"]

1. e4 c5 2. Nf3 g6 3. d4 cxd4 4. Qxd4 Nf6 5. e5 Nc6 6. Qa4 Nd5 7. Qe4 Nc7 8.
Bc4 Bg7 9. O-O b5 10. Bb3 Bb7 11. Ng5 Ne6 12. Nc3 Bxe5 13. Rd1 Nxg5 14. Bxg5
O-O 15. Nd5 Re8 16. Rd3 d6 17. Qh4 Bc8 18. Re1 Bf5 19. Rxe5 dxe5 20. Nxe7+ Nxe7
21. Rxd8 Raxd8 22. g4 Be4 23. f3 Rd1+ 24. Kf2 1-0

[Event "286th YMCA Spring A"]
[Site "Warsaw"]
[Date "2024.06.21"]
[Round "11"]
[White "Lewandrowski, Tomasz"]
[Black "Chalupnik, Marcin"]
[Result "0-1"]
[WhiteElo "1919"]
[BlackElo "2056"]
[PlyCount "64"]
[EventDate "2024.04.10"]
[EventType "tourn"]
[EventRounds "1"]
[EventCountry "POL"]
[SourceDate "2024.04.10"]

1. d4 Nf6 2. Nc3 e6 3. Bf4 c5 4. e3 cxd4 5. exd4 Nc6 6. d5 exd5 7. Nb5 d6 8.
Qe2+ Be6 9. Nf3 Be7 10. Ng5 Qd7 11. Nxe6 fxe6 12. g3 e5 13. Bg5 a6 14. Bxf6
Bxf6 15. Nc3 Nd4 16. Qh5+ g6 17. Qd1 Qf5 18. Bd3 Nf3+ 19. Kf1 e4 20. g4 Qxg4
21. h3 Qf5 22. Be2 Bxc3 23. bxc3 O-O 24. Bxf3 exf3 25. Rb1 b5 26. Rb4 Rae8 27.
h4 Re2 28. h5 g5 29. h6 Rfe8 30. Rb1 Rxc2 31. Qd4 Rxf2+ 32. Kxf2 Re2+ 0-1